000 00826cam a22002178a 4500
020 _a9781593578633 (alk. paper)
020 _a1593578636 (alk. paper)
040 _cDLC
082 0 0 _a378 JIS 2011 C150 Or.
100 1 _aShatkin, Laurence
245 1 0 _a10 best college majors for your personality /
250 _a2nd ed
260 _aIndianapolis, IN :
_bJIST Works,
_cc2011
300 _axii, 308 p. :
_bill. ;
_c24 cm
490 1 _aJIST's best jobs series
500 _aIncludes index
520 _aA guide to selecting a college major based on personality type that describes more than fifty-five majors for six personality types, providing information on related jobs, course sequences, pay, openings, work tasks, and skills needed
650 0 _aCollege majors
650 0 _aVocational guidance
942 _cAEDBB
999 _c18667
_d18667